[Event "PRO League Group Stage"]
[Site "chess.com INT"]
[Date "2018.01.31"]
[Round "3"]
[White "Agrest, Evgenij"]
[Black "Lopez, Jasel"]
[Result "1/2-1/2"]
[WhiteTitle "GM"]
[BlackTitle "FM"]
[WhiteElo "2584"]
[BlackElo "2316"]
[WhiteTeam "Stockholm Snowballs"]
[BlackTeam "Amsterdam Mosquitoes"]
[WhiteFideId "1705024"]
[BlackFideId "15900045"]
[EventDate "2018.01.18"]

1. d4 f5 2. Nc3 Nf6 3. Bg5 d5 4. e3 e6 5. Bd3 a6 6. Nce2 c5 7. c3 Nc6 8. Nf3 Be7
9. h3 Ne4 10. Bf4 b5 11. g4 c4 12. Bc2 O-O 13. gxf5 exf5 14. Ne5 Bb7 15. Rg1 b4
16. Nxc6 Bxc6 17. Be5 Bf6 18. cxb4 a5 19. b5 Bxb5 20. Nf4 Qd7 21. Nh5 Bxe5 22.
dxe5 g6 23. Qd4 Qe7 24. Qxd5+ Kh8 25. Qxb5 gxh5 26. Bxe4 fxe4 27. Rd1 Rab8 28.
Qxc4 Rxb2 29. e6 Rbxf2 30. Qxe4 Qf6 31. Qd4 Re8 32. e7 Qxd4 33. Rxd4 Rf7 34. Rd8
Rxe7 35. Rxe8+ Rxe8 36. Kd2 Re4 37. Kd3 Ra4 38. Rg2 h4 39. e4 Ra3+ 40. Kd4 Rxh3
41. e5 Rg3 42. Rf2 Rg1 43. e6 Re1 44. Kd5 Kg7 45. Rf3 h5 46. Kd6 Re2 47. a3 Re1
48. e7 Rd1+ 49. Ke6 Re1+ 50. Kd7 Rd1+ 51. Ke8 Re1 52. Rf4 h3 53. Rh4 Kf6 54.
Rxh5 Rxe7+ 55. Kd8 Re3 56. a4 Kg6 57. Rh8 Ra3 58. Kc7 Kg5 59. Kb6 Rxa4 60. Rxh3
Ra1 61. Kb5 a4 1/2-1/2

[Event "PRO League Group Stage"]
[Site "chess.com INT"]
[Date "2018.01.31"]
[Round "3"]
[White "Caruana, Fabiano"]
[Black "Iturrizaga Bonelli, Eduardo"]
[Result "1-0"]
[WhiteTitle "GM"]
[BlackTitle "GM"]
[WhiteElo "2811"]
[BlackElo "2650"]
[WhiteTeam "Saint Louis Arch Bishops"]
[BlackTeam "Miami Champions"]
[WhiteFideId "2020009"]
[BlackFideId "3901211"]
[EventDate "2018.01.18"]

1. e4 c5 2. Nf3 Nc6 3. Bb5 g6 4. Bxc6 bxc6 5. O-O Bg7 6. Re1 e5 7. c3 Ne7 8. d4
cxd4 9. cxd4 exd4 10. Nxd4 O-O 11. Nc3 Rb8 12. Nb3 d5 13. Bg5 h6 14. Be3 a5 15.
Bc5 Re8 16. Qd2 Be6 17. Rad1 Kh7 18. h3 Qc7 19. Nd4 Rbd8 20. Qe3 Bc8 21. Qf3 Ng8
22. exd5 Rxe1+ 23. Rxe1 cxd5 24. Nb3 d4 25. Bxd4 Bxd4 26. Nxd4 Rxd4 27. Nb5 Bb7
28. Nxc7 Bxf3 29. gxf3 Rd2 30. Re5 Rc2 31. Ne8 Rxb2 32. Rxa5 g5 33. Ra6 Ne7 34.
Ra7 Nd5 35. Rxf7+ Kg6 36. Rg7+ Kh5 37. a4 Nf4 38. Nf6+ Kh4 39. Ne4 Nxh3+ 40. Kg2
Nf4+ 41. Kh2 Ra2 42. Rh7 h5 43. Rg7 Nh3 44. Rd7 Rxa4 45. Ng3 Ra5 46. Rf7 g4 47.
f4 Nxf2 48. Rf5 1-0

[Event "PRO League Group Stage"]
[Site "chess.com INT"]
[Date "2018.01.31"]
[Round "3"]
[White "Caruana, Fabiano"]
[Black "Becerra Rivero, Julio"]
[Result "1-0"]
[WhiteTitle "GM"]
[BlackTitle "GM"]
[WhiteElo "2811"]
[BlackElo "2531"]
[WhiteTeam "Saint Louis Arch Bishops"]
[BlackTeam "Miami Champions"]
[WhiteFideId "2020009"]
[BlackFideId "3501728"]
[EventDate "2018.01.18"]

1. d4 Nf6 2. Nf3 g6 3. Bf4 Bg7 4. e3 O-O 5. Be2 c5 6. c3 d6 7. h3 Nc6 8. O-O Qb6
9. Nbd2 Be6 10. Ng5 Bd7 11. Nc4 Qd8 12. dxc5 dxc5 13. Qb3 b5 14. Ne5 c4 15. Qxb5
Nxe5 16. Qxe5 Nh5 17. Qd5 e6 18. Qd6 Nxf4 19. exf4 Bb5 20. Rad1 Qa5 21. a3 Ba4
22. Rc1 Rfd8 23. Qb4 Qxb4 24. axb4 Rd2 25. Bxc4 Rxb2 26. Ba6 Rd8 27. Nf3 Rd6 28.
Bb7 Bc6 29. Bxc6 Rxc6 30. Rfd1 Bf6 31. Nd2 Bd8 32. Rb1 Rc2 33. c4 Bc7 34. c5
Bxf4 35. Nf3 Rc3 36. Nd4 Rc8 37. Nb5 Rc2 38. Nxa7 Ra8 39. Rd7 Kf8 40. g3 Bd2 41.
c6 Ke8 42. b5 Ba5 43. b6 1-0

[Event "PRO League Group Stage"]
[Site "chess.com INT"]
[Date "2018.01.31"]
[Round "3"]
[White "Bartholomew, John"]
[Black "Yu, Jennifer"]
[Result "1-0"]
[WhiteTitle "IM"]
[BlackTitle "FM"]
[WhiteElo "2459"]
[BlackElo "2355"]
[WhiteTeam "Minnesota Blizzard"]
[BlackTeam "Pittsburgh Pawngrabbers"]
[WhiteFideId "2019353"]
[BlackFideId "2078341"]
[EventDate "2018.01.18"]

1. d4 f5 2. Nf3 Nf6 3. h3 e6 4. g4 d5 5. c4 c6 6. gxf5 exf5 7. cxd5 Nxd5 8. Rg1
Be6 9. Nc3 g6 10. Ng5 Bg8 11. Bg2 Bb4 12. Bd2 Na6 13. Nxd5 Bxd5 14. a3 Be7 15.
Nf3 Qb6 16. Qc2 O-O-O 17. e3 Kb8 18. Ne5 Bb3 19. Qc3 Bf6 20. Nc4 Bxc4 21. Qxc4
c5 22. d5 Rhe8 23. Rb1 Rd7 24. Ke2 Red8 25. Rgc1 Nc7 26. b4 Nxd5 27. bxc5 Qc6
28. Kf1 Ka8 29. Ba5 Re8 30. Rd1 Bg5 31. Rxd5 1-0

[Event "PRO League Group Stage"]
[Site "chess.com INT"]
[Date "2018.01.31"]
[Round "3"]
[White "Bartholomew, John"]
[Black "Liang, Awonder"]
[Result "1/2-1/2"]
[WhiteTitle "IM"]
[BlackTitle "GM"]
[WhiteElo "2459"]
[BlackElo "2572"]
[WhiteTeam "Minnesota Blizzard"]
[BlackTeam "Pittsburgh Pawngrabbers"]
[WhiteFideId "2019353"]
[BlackFideId "2056437"]
[EventDate "2018.01.18"]

1. d4 Nf6 2. Nf3 b6 3. g3 Bb7 4. Bg2 g6 5. O-O Bg7 6. c4 O-O 7. Nc3 Ne4 8. Bd2
e6 9. Rc1 d6 10. d5 Nxd2 11. Nxd2 e5 12. b4 a5 13. a3 Na6 14. Rb1 Bc8 15. bxa5
bxa5 16. Nb3 Bf5 17. Rc1 Bd7 18. Nxa5 Nc5 19. Nb3 Na4 20. Na2 f5 21. Nb4 e4 22.
f3 exf3 23. Bxf3 f4 24. Bg2 fxg3 25. Rxf8+ Qxf8 26. hxg3 Nb2 27. Qd2 Rxa3 28.
Nd4 Rxg3 29. Ne6 Qe7 30. Qf4 Be5 31. Qh6 Bxe6 32. dxe6 Qxe6 33. Rf1 Bg7 34. Qh4
Rxg2+ 35. Kxg2 h5 36. Nd5 Qxe2+ 37. Rf2 Qxc4 38. Qd8+ Kh7 39. Nf6+ Kh6 40. Ng8+
Kh7 41. Nf6+ Kh6 42. Ng8+ Kh7 43. Nf6+ 1/2-1/2

[Event "PRO League Group Stage"]
[Site "chess.com INT"]
[Date "2018.01.31"]
[Round "3"]
[White "Rosenthal, Nicholas"]
[Black "Chen, Forest"]
[Result "1-0"]
[WhiteElo "2169"]
[BlackElo "2107"]
[WhiteTeam "Miami Champions"]
[BlackTeam "Saint Louis Arch Bishops"]
[WhiteFideId "2045150"]
[BlackFideId "30908205"]
[EventDate "2018.01.18"]

1. e4 c6 2. d3 d5 3. Nd2 g6 4. Ngf3 Bg7 5. g3 Nf6 6. Bg2 O-O 7. O-O Bg4 8. h3
Bxf3 9. Qxf3 dxe4 10. Nxe4 Nxe4 11. dxe4 Qb6 12. Rd1 Na6 13. Be3 Qa5 14. Rd7
Bxb2 15. Rad1 Bf6 16. Rxb7 Nc5 17. e5 Bxe5 18. Rxe7 Bg7 19. Bxc5 Qxc5 20. Rdd7
Rad8 21. Qxc6 Bd4 22. Qf3 Rxd7 23. Rxd7 Qb4 24. Bf1 Bb6 25. Kg2 Qc5 26. Bd3 Kg7
27. Be4 Qc8 28. Bc6 Kg8 29. Qf6 Bd8 30. Qf3 Kg7 31. Rxa7 Qb8 32. Rb7 Qd6 33. Bd5
Qc5 34. Rxf7+ Rxf7 35. Qxf7+ Kh6 36. h4 Bb6 37. Be4 Bd8 38. Qd5 Qe7 39. a4 Qa7
40. Qxd8 1-0

[Event "PRO League Group Stage"]
[Site "chess.com INT"]
[Date "2018.01.31"]
[Round "3"]
[White "Rosenthal, Nicholas"]
[Black "Caruana, Fabiano"]
[Result "0-1"]
[BlackTitle "GM"]
[WhiteElo "2169"]
[BlackElo "2811"]
[WhiteTeam "Miami Champions"]
[BlackTeam "Saint Louis Arch Bishops"]
[WhiteFideId "2045150"]
[BlackFideId "2020009"]
[EventDate "2018.01.18"]

1. e4 e5 2. Nf3 Nc6 3. Bc4 Bc5 4. c3 Nf6 5. d4 exd4 6. cxd4 Bb4+ 7. Bd2 Bxd2+ 8.
Nbxd2 d5 9. exd5 Nxd5 10. O-O O-O 11. Rc1 Nce7 12. Re1 c6 13. Ne4 Bf5 14. Nc5 b6
15. Nd3 Rc8 16. Qd2 h6 17. Nf4 Qd6 18. Nxd5 Nxd5 19. Re5 Be6 20. Rce1 Rcd8 21.
Bb3 Nc7 22. Bc2 Bd5 23. Nh4 Qf6 24. Nf5 Ne6 25. Qd3 Rfe8 26. Ne7+ Kf8 27. Nxd5
Rxd5 28. Rxd5 cxd5 29. Re5 Nxd4 30. Rxe8+ Kxe8 31. Ba4+ Kf8 32. h3 Qe5 33. Qa6
g6 34. Qxa7 Qe1+ 35. Kh2 Ne2 36. Qb8+ Kg7 37. Qe5+ Kh7 38. h4 Qg1+ 39. Kh3 Qh1+
40. Qh2 Nf4+ 41. Kg3 Qc1 42. Kf3 Nd3 43. Qd6 Qxb2 44. Kg4 Qd4+ 45. Kh3 Nxf2+ 46.
Kh2 Qxa4 0-1

[Event "PRO League Group Stage"]
[Site "chess.com INT"]
[Date "2018.01.31"]
[Round "3"]
[White "Meier, Georg"]
[Black "Admiraal, Miguoel"]
[Result "1-0"]
[WhiteTitle "GM"]
[BlackTitle "IM"]
[WhiteElo "2647"]
[BlackElo "2453"]
[WhiteTeam "Stockholm Snowballs"]
[BlackTeam "Amsterdam Mosquitoes"]
[WhiteFideId "4675789"]
[BlackFideId "1019716"]
[EventDate "2018.01.18"]

1. Nf3 d5 2. g3 Bg4 3. Bg2 c6 4. h3 Bh5 5. c4 e6 6. O-O Nf6 7. d3 Be7 8. Qb3 Qc8
9. cxd5 cxd5 10. Bf4 Nc6 11. Rc1 Qd7 12. Ne5 Nxe5 13. Bxe5 Rc8 14. Rxc8+ Qxc8
15. Nc3 O-O 16. Rc1 Qd7 17. Nb5 Rc8 18. Rxc8+ Qxc8 19. Nxa7 Qa8 20. Qc2 Bxe2 21.
Nc8 Bf8 22. Qc7 Qxa2 23. Qd8 h6 24. Ne7+ Kh7 25. Qxf8 Qa1+ 26. Kh2 Qa8 27. Qxa8 1-0

[Event "PRO League Group Stage"]
[Site "chess.com INT"]
[Date "2018.01.31"]
[Round "3"]
[White "Meier, Georg"]
[Black "Van Wely, Loek"]
[Result "1-0"]
[WhiteTitle "GM"]
[BlackTitle "GM"]
[WhiteElo "2647"]
[BlackElo "2656"]
[WhiteTeam "Stockholm Snowballs"]
[BlackTeam "Amsterdam Mosquitoes"]
[WhiteFideId "4675789"]
[BlackFideId "1000268"]
[EventDate "2018.01.18"]

1. d4 Nf6 2. Nf3 g6 3. g3 Bg7 4. Bg2 d5 5. c4 dxc4 6. Na3 c3 7. bxc3 O-O 8. O-O
c5 9. Bb2 Nc6 10. Re1 Nd5 11. e4 Nb6 12. Rb1 Bg4 13. d5 Ne5 14. c4 e6 15. Qb3
Bxf3 16. Bxf3 exd5 17. exd5 Re8 18. Bg2 Qd7 19. h3 Qf5 20. g4 Qf4 21. Re4 Qd2
22. Bc1 Qa5 23. Be3 f5 24. gxf5 gxf5 25. Rf4 Rf8 26. d6 Ng6 27. Nb5 Be5 28. Rf3
Nd7 29. Bg5 Kh8 30. Qc2 f4 31. Ra3 Qb6 32. Nc7 Qxd6 33. Nxa8 Rxa8 34. Rxb7 Ndf8
35. Bd5 Ne6 36. Qf5 Nxg5 37. Qxg5 Rb8 38. Raxa7 Rxb7 39. Rxb7 Bg7 40. Qf5 Qd8
41. Kf1 f3 42. Qf7 1-0

[Event "PRO League Group Stage"]
[Site "chess.com INT"]
[Date "2018.01.31"]
[Round "3"]
[White "Borisek, Jure"]
[Black "Hjartarson, Johann"]
[Result "1-0"]
[WhiteTitle "GM"]
[BlackTitle "GM"]
[WhiteElo "2576"]
[BlackElo "2536"]
[WhiteTeam "Ljubljana Turtles"]
[BlackTeam "Reykjavik Puffins"]
[WhiteFideId "14603152"]
[BlackFideId "2300044"]
[EventDate "2018.01.18"]

1. e4 Nf6 2. e5 Nd5 3. d4 d6 4. c4 Nb6 5. exd6 exd6 6. Nc3 Be7 7. Nf3 O-O 8. h3
Bf6 9. Be2 Re8 10. O-O Nc6 11. b3 Bf5 12. Be3 Qd7 13. Rc1 h6 14. d5 Ne5 15. Nd4
Bh7 16. Re1 g5 17. Qd2 Bg7 18. f4 gxf4 19. Bxf4 Qf5 20. Nxf5 1-0

[Event "PRO League Group Stage"]
[Site "chess.com INT"]
[Date "2018.01.31"]
[Round "3"]
[White "Borisek, Jure"]
[Black "Thorfinnsson, Bjorn"]
[Result "1-0"]
[WhiteTitle "GM"]
[BlackTitle "IM"]
[WhiteElo "2576"]
[BlackElo "2400"]
[WhiteTeam "Ljubljana Turtles"]
[BlackTeam "Reykjavik Puffins"]
[WhiteFideId "14603152"]
[BlackFideId "2300982"]
[EventDate "2018.01.18"]

1. e4 e5 2. Nf3 Nc6 3. Bb5 a6 4. Ba4 d6 5. c3 Bd7 6. O-O Nf6 7. Re1 Be7 8. d4
O-O 9. d5 Nb8 10. Bxd7 Nbxd7 11. c4 b5 12. cxb5 axb5 13. b4 Nb6 14. Nc3 Qd7 15.
Qd3 Nc4 16. a4 c6 17. dxc6 Qxc6 18. axb5 Qc7 19. Bg5 Nb2 20. Qd2 Nc4 21. Qe2 Nb6
22. Bxf6 Rxa1 23. Rxa1 Qxc3 24. Ra6 Bxf6 25. Rxb6 Qxb4 26. g3 h6 27. Kg2 Rc8 28.
Qd3 Rc3 29. Qd5 Rc2 30. Rc6 Rb2 31. b6 Bd8 32. Nxe5 dxe5 33. Qxd8+ Kh7 34. Qd3
f5 35. exf5 Qe1 36. f6+ e4 37. Qf1 Qe3 38. fxg7 Qf3+ 39. Kg1 e3 40. Qd3+ Kxg7
41. Qg6+ Kf8 42. Rf6+ 1-0

[Event "PRO League Group Stage"]
[Site "chess.com INT"]
[Date "2018.01.31"]
[Round "3"]
[White "Pavasovic, Dusko"]
[Black "Hjartarson, Johann"]
[Result "1-0"]
[WhiteTitle "GM"]
[BlackTitle "GM"]
[WhiteElo "2540"]
[BlackElo "2536"]
[WhiteTeam "Ljubljana Turtles"]
[BlackTeam "Reykjavik Puffins"]
[WhiteFideId "14600986"]
[BlackFideId "2300044"]
[EventDate "2018.01.18"]

1. e4 g6 2. d4 Bg7 3. Nc3 d6 4. f4 a6 5. Nf3 b5 6. Bd3 Nd7 7. e5 Bb7 8. Be4 Bxe4
9. Nxe4 Nh6 10. Be3 Nb6 11. Qe2 O-O 12. O-O Nd5 13. Bd2 Rb8 14. c3 Qd7 15. h3 e6
16. Rae1 a5 17. g4 Kh8 18. Qf2 Ng8 19. Ng3 f6 20. exf6 Ngxf6 21. Ng5 Rbe8 22.
Qg2 h6 23. N5e4 Nh7 24. Kh1 a4 25. Rf3 Re7 26. Ref1 Ref7 27. h4 Rg8 28. h5 gxh5
29. Nxh5 Bf8 30. Qh3 Qc6 31. g5 Qe8 32. Rg1 hxg5 33. fxg5 Rxf3 34. Qxf3 Qg6 35.
Rg3 Be7 36. Nhf6 Rf8 37. Qe2 Rf7 38. Kg1 Bxf6 39. gxf6 Qf5 40. Bg5 e5 41. dxe5
dxe5 42. Qh5 Rf8 43. Qh6 Rf7 44. Qh5 Rf8 45. Qh6 Rg8 46. Bh4 Rxg3+ 47. Nxg3 Qg4
48. f7 Qg7 49. Qe6 Nf4 50. Qe8+ Nf8 51. Bf6 Ne2+ 52. Kf2 Qxf6+ 53. Kxe2 Qh6 54.
Nf5 Qh2+ 55. Kd3 Qh3+ 56. Ke4 Qg4+ 57. Kxe5 Qe2+ 58. Kf6 1-0

[Event "PRO League Group Stage"]
[Site "chess.com INT"]
[Date "2018.01.31"]
[Round "3"]
[White "Pavasovic, Dusko"]
[Black "Thorfinnsson, Bjorn"]
[Result "0-1"]
[WhiteTitle "GM"]
[BlackTitle "IM"]
[WhiteElo "2540"]
[BlackElo "2400"]
[WhiteTeam "Ljubljana Turtles"]
[BlackTeam "Reykjavik Puffins"]
[WhiteFideId "14600986"]
[BlackFideId "2300982"]
[EventDate "2018.01.18"]

1. e4 e5 2. Nf3 Nc6 3. Bc4 Nf6 4. d3 Bc5 5. c3 d6 6. O-O a6 7. a4 Qe7 8. Na3 h6
9. Nc2 Be6 10. Bxe6 fxe6 11. b4 Bb6 12. Be3 Bxe3 13. Nxe3 O-O 14. b5 Nd8 15. Qe2
Nf7 16. g3 b6 17. h4 axb5 18. axb5 d5 19. exd5 exd5 20. d4 e4 21. Nh2 Nd6 22.
Nhg4 Nxg4 23. Qxg4 Rxa1 24. Rxa1 Qf7 25. Qe2 Nxb5 26. Rc1 Nd6 27. Rc2 b5 28. Ra2
Nc4 29. Nxc4 bxc4 30. Kg2 Qf3+ 31. Qxf3 Rxf3 32. Rc2 Kf7 33. Kf1 Kf6 34. Ke2 Kf5
35. Rc1 g6 36. Rc2 Kg4 37. Rc1 g5 38. hxg5 hxg5 39. Rc2 Kh3 40. Rc1 Kg2 0-1

[Event "PRO League Group Stage"]
[Site "chess.com INT"]
[Date "2018.01.31"]
[Round "3"]
[White "Oussedik, Elias"]
[Black "Amin, Bassem"]
[Result "0-1"]
[BlackTitle "GM"]
[WhiteElo "2171"]
[BlackElo "2693"]
[WhiteTeam "Montreal Chessbrahs"]
[BlackTeam "Montclair Sopranos"]
[WhiteFideId "2605341"]
[BlackFideId "10601457"]
[EventDate "2018.01.18"]

1. d4 Nf6 2. c4 g6 3. Nc3 Bg7 4. e4 d6 5. h3 O-O 6. Bg5 c5 7. d5 e6 8. Nf3 exd5
9. cxd5 Re8 10. Bd3 c4 11. Bc2 b5 12. a3 Nbd7 13. O-O Nc5 14. Re1 Qb6 15. Be3
Bb7 16. Nd4 a6 17. Rc1 Rac8 18. f3 Nfd7 19. f4 b4 20. axb4 Qxb4 21. Rb1 Nd3 22.
Bxd3 cxd3 23. Qxd3 Nc5 24. Qd2 Qc4 25. Rec1 Qd3 26. Qxd3 Nxd3 27. Rd1 Nc5 28.
Nc6 Nxe4 29. Bd4 Bxc6 30. dxc6 Rxc6 31. Nd5 Rc2 32. b4 Bxd4+ 33. Rxd4 Kg7 34. b5
Ng3 35. Rd3 Ne2+ 36. Kf1 axb5 37. Rxb5 h5 38. Re3 Rxe3 39. Nxe3 Ng3+ 40. Kg1 Re2
41. Nd5 h4 42. Rb3 Rd2 43. Nc3 Rd3 44. Ra3 Rxc3 0-1

[Event "PRO League Group Stage"]
[Site "chess.com INT"]
[Date "2018.01.31"]
[Round "3"]
[White "Oussedik, Elias"]
[Black "Erenburg, Sergey"]
[Result "1-0"]
[BlackTitle "GM"]
[WhiteElo "2171"]
[BlackElo "2564"]
[WhiteTeam "Montreal Chessbrahs"]
[BlackTeam "Montclair Sopranos"]
[WhiteFideId "2605341"]
[BlackFideId "2805642"]
[EventDate "2018.01.18"]

1. d4 d5 2. c4 e6 3. e3 Nf6 4. Nf3 a6 5. Nc3 c6 6. Qc2 Nbd7 7. b3 Bd6 8. Bd3 e5
9. dxe5 Nxe5 10. Nxe5 Bxe5 11. Bb2 O-O 12. cxd5 cxd5 13. Ne2 Qd6 14. Bxe5 Qxe5
15. Nd4 Bd7 16. O-O Rac8 17. Qd2 Ne4 18. Qb4 Rc7 19. Rad1 Rfc8 20. Nf3 Qc3 21.
Qd4 Nf6 22. h3 a5 23. Rfe1 Qxd4 24. Nxd4 Kf8 25. Kf1 Ne4 26. f3 Nd6 27. Kf2 b5
28. Re2 b4 29. Red2 Rc5 30. Ne2 Be6 31. g4 h6 32. Nf4 Ne8 33. Ba6 R8c7 34. h4
Rc2 35. Ke2 g5 36. hxg5 hxg5 37. Nh5 f5 38. gxf5 Bxf5 39. Rxc2 Rxc2+ 40. Rd2
Rxd2+ 41. Kxd2 Kf7 42. Bb7 Nc7 43. Ng3 Kf6 44. Bc6 Bb1 45. Kc1 Bg6 46. Ne2 Ke5
47. Bd7 Kd6 48. Bg4 Nb5 49. Kd2 Bb1 50. Kc1 Bd3 51. Nd4 Nc3 52. Kb2 Bg6 53. f4 1-0

[Event "PRO League Group Stage"]
[Site "chess.com INT"]
[Date "2018.01.31"]
[Round "3"]
[White "Nagle, Sean"]
[Black "Shetty, Atulya"]
[Result "0-1"]
[WhiteTitle "IM"]
[BlackTitle "IM"]
[WhiteElo "2432"]
[BlackElo "2389"]
[WhiteTeam "Minnesota Blizzard"]
[BlackTeam "Pittsburgh Pawngrabbers"]
[WhiteFideId "2013878"]
[BlackFideId "2031213"]
[EventDate "2018.01.18"]

1. Nf3 c5 2. c3 d5 3. d4 e6 4. Bf4 Nc6 5. e3 Nf6 6. Nbd2 Be7 7. Bd3 Nh5 8. Be5
f6 9. Bg3 g6 10. Qc2 Nxg3 11. hxg3 f5 12. g4 c4 13. Be2 fxg4 14. Ne5 Nxe5 15.
dxe5 g3 16. Rxh7 gxf2+ 17. Kf1 Rg8 18. Nf3 Qb6 19. Kxf2 Bd7 20. Rah1 Bc5 21. Nd4
O-O-O 22. Bg4 Rdf8+ 23. Ke2 Bxd4 24. exd4 Rf4 25. Bf3 Qd8 26. Qc1 Rgf8 27. Qg1
g5 28. Rg7 Rg8 29. Rxg8 Qxg8 30. g3 Rf8 31. Bg4 Be8 32. Rh6 Bg6 33. Qh2 Kb8 34.
Ke3 a6 35. Bh5 Bf5 36. Rf6 Qg7 37. g4 Be4 38. Qf2 Rc8 39. Rxe6 Qd7 40. Rd6 Qa4
41. Bg6 Bxg6 42. Rxg6 Qd1 43. Qe2 Qc1+ 44. Kf2 Qf4+ 45. Kg2 Rh8 46. Kg1 Qg3+ 47.
Qg2 Qe1+ 48. Qf1 Rh1+ 49. Kxh1 Qxf1+ 50. Kh2 Qf2+ 51. Kh1 Qe1+ 52. Kh2 Qe2+ 53.
Kg1 Qd1+ 54. Kf2 Qc2+ 55. Kf1 Qxg6 0-1

[Event "PRO League Group Stage"]
[Site "chess.com INT"]
[Date "2018.01.31"]
[Round "3"]
[White "Nagle, Sean"]
[Black "Shabalov, Alexander"]
[Result "1-0"]
[WhiteTitle "IM"]
[BlackTitle "GM"]
[WhiteElo "2432"]
[BlackElo "2544"]
[WhiteTeam "Minnesota Blizzard"]
[BlackTeam "Pittsburgh Pawngrabbers"]
[WhiteFideId "2013878"]
[BlackFideId "2008572"]
[EventDate "2018.01.18"]

1. Nf3 Nc6 2. d4 d6 3. e4 Nf6 4. Nc3 g6 5. h3 Bg7 6. Bc4 O-O 7. Be3 a6 8. e5 Ne8
9. Bf4 e6 10. a3 b5 11. Ba2 Bb7 12. O-O Ne7 13. Qe2 Nf5 14. Rad1 Bxf3 15. Qxf3
d5 16. Ne2 f6 17. exf6 Nxf6 18. c3 Ne4 19. Qd3 c5 20. dxc5 Nxc5 21. Qd2 Qb6 22.
Bb1 Rad8 23. Ng3 Nd6 24. Bxd6 Rxd6 25. Ne4 Nxe4 26. Bxe4 Be5 27. Bf3 Rd7 28.
Rfe1 Bc7 29. Re2 Qd6 30. Kf1 Rf6 31. Qg5 Rdf7 32. Qg4 Kg7 33. Rde1 Qh2 34. Rxe6
h5 35. Qd4 Kh7 36. Qxf6 Rxf6 37. Rxf6 Be5 38. Re6 Bf4 39. Bxd5 Bd2 40. Rd1 Qf4
41. Be4 Kg7 42. g3 Qc7 43. Rxg6+ Kf7 44. Rxd2 Qe5 45. Rd4 1-0

[Event "PRO League Group Stage"]
[Site "chess.com INT"]
[Date "2018.01.31"]
[Round "3"]
[White "Kukk, Sander"]
[Black "Karavade, Eesha"]
[Result "1-0"]
[BlackTitle "IM"]
[WhiteElo "2178"]
[BlackElo "2386"]
[WhiteTeam "Estonia Horses"]
[BlackTeam "Mumbai Movers"]
[WhiteFideId "4502094"]
[BlackFideId "5012600"]
[EventDate "2018.01.18"]

1. b3 e5 2. Bb2 Nc6 3. e3 Nf6 4. Bb5 Bd6 5. Na3 Na5 6. Be2 a6 7. c4 O-O 8. Nc2
Re8 9. d3 b5 10. e4 c5 11. Nf3 Rb8 12. Bc3 b4 13. Bd2 h6 14. g4 Nc6 15. Rg1 Nh7
16. g5 hxg5 17. Nxg5 Nxg5 18. Bxg5 Be7 19. Qd2 Bxg5 20. Rxg5 Nd4 21. Nxd4 cxd4
22. O-O-O Qf6 23. Rdg1 g6 24. h4 Qxf2 25. h5 Qe3 26. Qxe3 dxe3 27. hxg6 f6 28.
Rh5 d6 29. g7 Kf7 30. Rh8 Bg4 31. Rxe8 Rxe8 32. Bxg4 Rg8 33. Bh5+ Ke7 34. Kd1 a5
35. Ke2 f5 36. exf5 Kf6 37. Kxe3 Kxf5 38. Bf7 1-0

[Event "PRO League Group Stage"]
[Site "chess.com INT"]
[Date "2018.01.31"]
[Round "3"]
[White "Kukk, Sander"]
[Black "Ghosh, Diptayan"]
[Result "1-0"]
[BlackTitle "GM"]
[WhiteElo "2178"]
[BlackElo "2556"]
[WhiteTeam "Estonia Horses"]
[BlackTeam "Mumbai Movers"]
[WhiteFideId "4502094"]
[BlackFideId "5045207"]
[EventDate "2018.01.18"]

1. b3 d5 2. e3 e5 3. Bb2 Bd6 4. f4 Nd7 5. c4 exf4 6. Bxg7 Qh4+ 7. g3 fxg3 8. Bg2
gxh2+ 9. Kf1 hxg1=Q+ 10. Kxg1 Qg5 11. Bxh8 Ngf6 12. Nc3 dxc4 13. bxc4 Ne5 14.
Nb5 Bg4 15. Nxd6+ cxd6 16. Bxf6 Qxf6 17. Qf1 Qg6 18. Qf4 O-O-O 19. Qe4 Qxe4 20.
Bxe4 h5 21. Bd5 Rg8 22. Kf2 Nd3+ 23. Kf1 Rg6 24. Rh2 f5 25. Rb1 b6 26. a4 Rf6
27. a5 bxa5 28. Rb3 Nb4 29. Ra3 f4 30. exf4 Rxf4+ 31. Rf2 Rxf2+ 32. Kxf2 Nxd5
33. cxd5 Kc7 34. Rxa5 Kb6 35. Ra1 a5 36. Ke3 h4 37. Ra4 Bd7 38. Rxh4 Kc5 39. d4+
Kc4 40. Rh6 a4 41. Rxd6 Be8 42. Rd8 Bb5 43. Rc8+ Kb4 44. Kd2 Bd7 45. Rc7 1-0

[Event "PRO League Group Stage"]
[Site "chess.com INT"]
[Date "2018.01.31"]
[Round "3"]
[White "Melkumyan, Hrant"]
[Black "Salem, A.R. Saleh"]
[Result "1/2-1/2"]
[WhiteTitle "GM"]
[BlackTitle "GM"]
[WhiteElo "2654"]
[BlackElo "2642"]
[WhiteTeam "Armenia Eagles"]
[BlackTeam "Delhi Dynamite"]
[WhiteFideId "13302485"]
[BlackFideId "9301348"]
[EventDate "2018.01.18"]

1. d4 d6 2. Nf3 g6 3. c4 f5 4. Nc3 Nf6 5. Bf4 Bg7 6. e3 O-O 7. Qb3 e6 8. Be2 Qe7
9. O-O h6 10. c5 g5 11. cxd6 cxd6 12. Bg3 Nh5 13. Nd2 Nxg3 14. hxg3 Nc6 15. d5
Ne5 16. Rad1 Kh8 17. Qa3 Rd8 18. Rfe1 Qf7 19. dxe6 Bxe6 20. Nf3 Nxf3+ 21. Bxf3
d5 1/2-1/2

[Event "PRO League Group Stage"]
[Site "chess.com INT"]
[Date "2018.01.31"]
[Round "3"]
[White "Melkumyan, Hrant"]
[Black "Grover, Sahaj"]
[Result "1-0"]
[WhiteTitle "GM"]
[BlackTitle "GM"]
[WhiteElo "2654"]
[BlackElo "2484"]
[WhiteTeam "Armenia Eagles"]
[BlackTeam "Delhi Dynamite"]
[WhiteFideId "13302485"]
[BlackFideId "5021103"]
[EventDate "2018.01.18"]

1. d4 Nf6 2. Nf3 d5 3. c4 e6 4. Nc3 Bb4 5. Bg5 h6 6. Bxf6 Qxf6 7. e3 Nc6 8. Qb3
O-O 9. a3 dxc4 10. Bxc4 Bd6 11. Bd3 e5 12. d5 Ne7 13. O-O Rb8 14. Rac1 Bf5 15.
Qc2 Bg4 16. Ne4 Qg6 17. Nxd6 Qxd6 18. Qxc7 Qxc7 19. Rxc7 Nxd5 20. Rc5 Be6 21.
Nxe5 Rfd8 22. Be2 Nf6 23. Nf3 Ne4 24. Rc7 Nd2 25. Rd1 Nxf3+ 26. Bxf3 Rxd1+ 27.
Bxd1 Rd8 28. Bf3 g5 29. h3 a5 30. Rxb7 a4 31. Ra7 Rd2 32. Rxa4 Rxb2 33. h4 Kg7
34. hxg5 hxg5 35. Ra5 Kf6 36. Bd5 Bf5 37. Bxf7 1-0